01293nam a22002777a 4500003000400000005001700004008004100021020004100062040003100103050001400134245032100148260003800469300004700507336002400554337002800578338002500606440007000631504005100701650002900752650007000781650003600851700003800887700003200925700002800957700003000985OSt20250818111557.0250710b |||||||| |||| 00| 0 eng d a9783031100147 (Hardcover)cUSD160.00 aNUSTbengcNUSTdNUSTerda aQH513 COM aComputer methods, imaging and visualization in biomechanics and biomedical engineering II :bselected papers from the 17th International Symposium CMBBE and 5th Conference on Imaging and visualization, September 7-9, 2021.cEdited by Joao Manuel R. S. Tavares, Christoph Bourauel, Liesbet Geris and Jos Vander Slote. aSwitzerland :bSpringer,c©2023. axiii, 292 pages :bIllustrations ;c25 cm. 2rdamediaatextbtxt 2rdamediaaunmediatedbn 2rdamediaavolumebnc aLecture notes in computational vision and biomechanicsvVolume 38 aIncludes bibliographical references and index. vMEDICAL Biotechnology. vScience Natural history – Biology Biology (General) Life. vTechnology Medicine & health. aTavares, Joao Manuel R. SeEditor aBourauel, ChristopheEditor aGeris, LiesberteEditor aSlote, Jos VandereEditor